000 00473nam a22001337a 4500
005 20241105182958.0
008 241105b |||||||| |||| 00| 0 eng d
245 _aThe Ghana Law Reports 1968
_cCouncil for Law Reporting
260 _aAccra, Ghana
_bGhana Publishing Corporation
_c1978
300 _axlviii, 1204 pages
_c25 cm
500 _aCases determined by the High Court and the Court of Appeal of the Republic of Ghana.
650 _2Law Reports
_xGhana
942 _2lcc
_cBK
_n0
999 _c656
_d656